ARRUPE JESUIT UNIVERSITY

CORONAVIRUS -STOP THE SPREAD - CLEAN,DISINFECT,COVER

The flame of a candle / (Record no. 121361)

MARC details
000 -LEADER
fixed length control field 01148cam a2200325 a 4500
001 - CONTROL NUMBER
control field 3870585
003 - CONTROL NUMBER IDENTIFIER
control field ARRUPE
005 - DATE AND TIME OF LATEST TRANSACTION
control field 20141202142855.0
008 - FIXED-LENGTH DATA ELEMENTS--GENERAL INFORMATION
fixed length control field 890414s1988 txu b 001 0 eng
010 ## - LIBRARY OF CONGRESS CONTROL NUMBER
LC control number 89007870
020 ## - INTERNATIONAL STANDARD BOOK NUMBER
International Standard Book Number 0911005145 (alk. paper) :
Terms of availability $20.00
020 ## - INTERNATIONAL STANDARD BOOK NUMBER
International Standard Book Number 0911005153 (pbk. : alk. paper)
040 ## - CATALOGING SOURCE
Original cataloging agency DLC
Transcribing agency DLC
Modifying agency DLC
041 1# - LANGUAGE CODE
Language code of text/sound track or separate title eng
Language code of original and/or intermediate translations of text fre
050 00 - LIBRARY OF CONGRESS CALL NUMBER
Classification number B2430.B253
Item number F5613 1988
082 00 - DEWEY DECIMAL CLASSIFICATION NUMBER
Classification number 194
Edition number 20
300 ## - PHYSICAL DESCRIPTION
Dimensions 24 cm.
100 1# - MAIN ENTRY--PERSONAL NAME
Personal name Bachelard, Gaston,
Dates associated with a name 1884-1962.
9 (RLIN) 12975
240 10 - UNIFORM TITLE
Uniform title <a href="Flamme d'une chandelle.">Flamme d'une chandelle.</a>
Language of a work English
245 14 - TITLE STATEMENT
Title The flame of a candle /
Statement of responsibility, etc Gaston Bachelard ; translated from the French by Joni Caldwell.
260 ## - PUBLICATION, DISTRIBUTION, ETC. (IMPRINT)
Place of publication, distribution, etc Dallas :
Name of publisher, distributor, etc Dallas Institute Publications,
Date of publication, distribution, etc c1988.
300 ## - PHYSICAL DESCRIPTION
Extent xv, 89 p. ;
490 1# - SERIES STATEMENT
Series statement The Bachelard translations
500 ## - GENERAL NOTE
General note Translation of: La flamme d'une chandelle.
504 ## - BIBLIOGRAPHY, ETC. NOTE
Bibliography, etc Includes bibliographical references.
650 #0 - SUBJECT ADDED ENTRY--TOPICAL TERM
Topical term or geographic name as entry element Flame
General subdivision Meditations.
9 (RLIN) 12976
800 1# - SERIES ADDED ENTRY--PERSONAL NAME
Personal name Bachelard, Gaston,
Dates associated with a name 1884-1962.
Title of a work Bachelard translations series.
9 (RLIN) 12977
906 ## - LOCAL DATA ELEMENT F, LDF (RLIN)
a 7
b cbc
c orignew
d 1
e ocip
f 19
g y-gencatlg
942 ## - ADDED ENTRY ELEMENTS (KOHA)
Source of classification or shelving scheme Library of Congress Classification
Koha item type Monograph ( Printed materials)
Holdings
Withdrawn status Lost status Source of classification or shelving scheme Damaged status Not for loan Collection code Home library Current library Shelving location Date acquired Total Checkouts Full call number Barcode Date last seen Price effective from Koha item type
    Library of Congress Classification     Main Collection ARRUPE LIBRARY ARRUPE LIBRARY Main Collection 02/12/2014   B2430.B253 F5613 1988 46500003553 02/12/2014 02/12/2014 Monograph ( Printed materials)

 

Arrupe Library. PO Box MP320 Mt Pleasant, Harare, Zimbabwe
263 242 745411|librarian@aju.ac.zw